[Event "Eindhoven WLC op 12th"]
[Site "Eindhoven"]
[Date "2022.05.14"]
[Round "4"]
[White "Koster, Chiel"]
[Black "Van Helvoort, Rob AM"]
[Result "1-0"]
[WhiteElo "1924"]
[BlackElo "2133"]
[PlyCount "37"]
[EventDate "2022.05.13"]
[EventType "swiss"]
[EventRounds "6"]
[EventCountry "NED"]
[SourceTitle "CBM 208 Extra"]
[Source "ChessBase"]
[SourceDate "2022.07.31"]
[SourceVersion "1"]
[SourceVersionDate "2022.07.31"]
[SourceQuality "1"]

1. e4 g6 2. Nc3 Bg7 3. h4 h6 4. d4 d6 5. Be3 a6 6. h5 g5 7. Bd3 Nd7 8. Nge2 b5 9. f4 gxf4 10. Nxf4 Ngf6 11. Qf3 e5 12. Nfd5 Nxd5 13. Nxd5 Bb7 14. Qg3 Bf8 15. Rf1 Bxd5 16. exd5 e4 17. Rxf7 exd3 18. Qg6 Qh4+ 19. g3 1-0

[Event "Eindhoven WLC op 12th"]
[Site "Eindhoven"]
[Date "2022.05.14"]
[Round "3"]
[White "Van Helvoort, Rob AM"]
[Black "Weijers, Ralf"]
[Result "1/2-1/2"]
[WhiteElo "2133"]
[BlackElo "1857"]
[PlyCount "58"]
[EventDate "2022.05.13"]
[EventType "swiss"]
[EventRounds "6"]
[EventCountry "NED"]
[SourceTitle "CBM 208 Extra"]
[Source "ChessBase"]
[SourceDate "2022.07.31"]
[SourceVersion "1"]
[SourceVersionDate "2022.07.31"]
[SourceQuality "1"]

1. e4 d6 2. d4 Nf6 3. Bd3 Nbd7 4. Ne2 e5 5. c3 c6 6. 0-0 h6 7. f4 Be7 8. Nd2 exf4 9. Nxf4 g5 10. Ne2 Qc7 11. Ng3 Nf8 12. Nc4 Bg4 13. Be2 Be6 14. Ne3 0-0-0 15. d5 Bd7 16. c4 Ng6 17. Ng4 Nxg4 18. Bxg4 Bxg4 19. Qxg4+ Kb8 20. Be3 Ne5 21. Qe2 h5 22. Nf5 Bf6 23. Bd4 Ng4 24. Bxf6 Nxf6 25. dxc6 bxc6 26. Qd3 Qb6+ 27. Qd4 Ng4 28. Qxb6+ axb6 29. Nd4 Ne5 1/2-1/2

[Event "Dieren op"]
[Site "Dieren"]
[Date "2018.07.26"]
[Round "3"]
[White "Van Helvoort, Rob AM"]
[Black "Maatman, Nick"]
[Result "0-1"]
[WhiteElo "2119"]
[BlackElo "2345"]
[PlyCount "86"]
[EventDate "2018.07.24"]
[EventType "tourn"]
[EventRounds "9"]
[EventCountry "NED"]
[SourceTitle "CBM 185 Extra"]
[Source "ChessBase"]
[SourceDate "2018.07.29"]
[SourceVersion "1"]
[SourceVersionDate "2018.07.29"]
[SourceQuality "1"]

1. d4 Nf6 2. Nf3 g6 3. Nbd2 Bg7 4. e4 d6 5. Bd3 Nbd7 6. 0-0 0-0 7. Re1 e5 8. c3 Re8 9. dxe5 dxe5 10. Qc2 c6 11. a4 Qc7 12. b4 a5 13. Nb3 axb4 14. cxb4 Nf8 15. Bb2 Nh5 16. g3 Bg4 17. Nfd2 Ne6 18. Kg2 Rad8 19. Bf1 Nd4 20. Nxd4 exd4 21. h3 d3 22. Qc1 Bc8 23. Bxg7 Nxg7 24. Qc3 Qd7 25. Kh2 Qd4 26. Qxd4 Rxd4 27. Rab1 f5 28. e5 Be6 29. f4 Red8 30. h4 Bd5 31. Bg2 Ne6 32. Bxd5 R8xd5 33. Nf3 Rc4 34. Red1 Rc2+ 35. Kg1 c5 36. bxc5 Nxc5 37. Rb5 Rd8 38. Ng5 d2 39. Kf1 Nxa4 40. Rxb7 Rc1 41. Nxh7 Rxd1+ 42. Kf2 Rf1+ 43. Kg2 Rf8 0-1

[Event "Dieren op"]
[Site "Dieren"]
[Date "2018.07.25"]
[Round "2"]
[White "Beukema, Jasper"]
[Black "Van Helvoort, Rob AM"]
[Result "0-1"]
[WhiteElo "2299"]
[BlackElo "2119"]
[PlyCount "168"]
[EventDate "2018.07.24"]
[EventType "tourn"]
[EventRounds "9"]
[EventCountry "NED"]
[SourceTitle "CBM 185 Extra"]
[Source "ChessBase"]
[SourceDate "2018.07.29"]
[SourceVersion "1"]
[SourceVersionDate "2018.07.29"]
[SourceQuality "1"]

1. d4 g6 2. Nf3 Bg7 3. e4 d6 4. Bc4 e6 5. Nc3 a6 6. a4 b6 7. 0-0 h6 8. Be3 Ne7 9. Qd2 Nd7 10. Ne1 Bb7 11. f3 d5 12. Be2 c5 13. exd5 exd5 14. Bf2 0-0 15. a5 cxd4 16. Bxd4 Bxd4+ 17. Qxd4 Nf5 18. Qd2 d4 19. Nd1 Re8 20. Rf2 Nf6 21. Ra3 bxa5 22. Rxa5 Qb6 23. b3 Ne3 24. Nb2 Rad8 25. Na4 Qc7 26. Nc5 Rd6 27. Ned3 Bc8 28. Ra2 Rc6 29. Qb4 Nf5 30. Bf1 Nd5 31. Qc4 Nde3 32. Qa4 Rd8 33. Qa3 Nd1 34. Rd2 Nc3 35. Ra1 Ne3 36. Rf2 Ned1 37. Rd2 Ne3 38. Re1 Nb5 39. Qa1 Nxf1 40. Kxf1 Rxc5 41. Nxc5 Qxc5 42. Qa5 Rf8 43. Re4 Qc3 44. Qxc3 dxc3 45. Rde2 Bb7 46. Re8 Bd5 47. R2e7 Be6 48. g4 Nd4 49. Rxf8+ Kxf8 50. Rc7 Nxc2 51. Rxc3 Nd4 52. b4 Bd7 53. Kf2 Bb5 54. Ke3 Nc6 55. Rb3 Ke7 56. Rb2 Ke6 57. f4 f5 58. h3 Ne7 59. Rb1 Nd5+ 60. Kf3 Bd3 61. Rb3 Bc4 62. Rb1 Nf6 63. Re1+ Ne4 64. Ke3 Kd5 65. gxf5 gxf5 66. Rg1 Bb5 67. Rg6 Kc4 68. Rxh6 Kxb4 69. Rg6 a5 70. h4 a4 71. h5 a3 72. h6 a2 73. Rg1 Nf6 74. Kd4 Kb3 75. Ke5 Ng4+ 76. Kxf5 Nxh6+ 77. Kg6 Bd3+ 78. Kxh6 Bb1 79. Rg3+ Kb4 80. f5 Bxf5 81. Rg1 Bb1 82. Rg4+ Kb5 83. Rg5+ Kb6 84. Rg6+ Bxg6 0-1

[Event "Dieren op"]
[Site "Dieren"]
[Date "2017.07.26"]
[Round "2"]
[White "Maatman, Nick"]
[Black "Van Helvoort, Rob AM"]
[Result "1/2-1/2"]
[WhiteElo "2386"]
[BlackElo "2123"]
[PlyCount "60"]
[EventDate "2017.07.25"]
[EventType "swiss"]
[EventRounds "9"]
[EventCountry "NED"]
[SourceTitle "CBM 179 Extra"]
[Source "ChessBase"]
[SourceDate "2017.08.23"]
[SourceVersion "1"]
[SourceVersionDate "2017.08.23"]
[SourceQuality "1"]

1. d4 Nf6 2. c4 g6 3. Nc3 d5 4. cxd5 Nxd5 5. e4 Nxc3 6. bxc3 Bg7 7. Nf3 c5 8. Rb1 0-0 9. Be2 cxd4 10. cxd4 Qa5+ 11. Bd2 Qxa2 12. 0-0 b6 13. Qc1 Qe6 14. e5 Bb7 15. Qa3 Bd5 16. Ng5 Qd7 17. f4 f6 18. Nf3 Nc6 19. Be3 Na5 20. Nd2 Rfc8 21. Rfc1 Bf8 22. Ba6 Rxc1+ 23. Rxc1 fxe5 24. dxe5 Bc6 25. Qa2+ e6 26. Be2 Rc8 27. Rd1 Qd5 28. Qxd5 Bxd5 29. Bf3 Bc5 30. Kf2 Bxe3+ 1/2-1/2

[Event "Dieren op"]
[Site "Dieren"]
[Date "2017.07.25"]
[Round "1"]
[White "Van Helvoort, Rob AM"]
[Black "Schoppen, Casper"]
[Result "1/2-1/2"]
[WhiteElo "2123"]
[BlackElo "2432"]
[PlyCount "81"]
[EventDate "2017.07.25"]
[EventType "swiss"]
[EventRounds "9"]
[EventCountry "NED"]
[SourceTitle "CBM 179 Extra"]
[Source "ChessBase"]
[SourceDate "2017.08.23"]
[SourceVersion "1"]
[SourceVersionDate "2017.08.23"]
[SourceQuality "1"]

1. e4 c5 2. Nc3 Nc6 3. f4 g6 4. Nf3 Bg7 5. Bb5 Nd4 6. 0-0 Nxb5 7. Nxb5 d5 8. exd5 a6 9. Nc3 Nf6 10. d4 Nxd5 11. dxc5 Nxc3 12. Qxd8+ Kxd8 13. bxc3 Bxc3 14. Rb1 Be6 15. Rxb7 Kc8 16. c6 Rb8 17. Rxe7 Bb4 18. Rb7 Bc5+ 19. Kh1 Rxb7 20. cxb7+ Kxb7 21. a3 Rd8 22. Ne5 Rc8 23. Rd1 Bb6 24. f5 gxf5 25. c4 Bxc4 26. Bf4 f6 27. Nf7 Bxf7 28. Rd7+ Ka8 29. Rxf7 Bd4 30. Rxh7 Be5 31. g3 Bxf4 32. gxf4 Rc4 33. h4 Rxf4 34. h5 Rh4+ 35. Kg2 f4 36. h6 Kb8 37. Rh8+ Kb7 38. h7 f5 39. a4 Rh5 40. a5 Rh6 41. Kf3 1/2-1/2

[Event "Dieren op"]
[Site "Dieren"]
[Date "2015.07.30"]
[Round "9"]
[White "Van Foreest, Lucas"]
[Black "Van Helvoort, Rob AM"]
[Result "1-0"]
[WhiteElo "2294"]
[BlackElo "2130"]
[PlyCount "53"]
[EventDate "2015.07.21"]
[EventType "swiss"]
[EventRounds "9"]
[EventCountry "NED"]
[SourceTitle "CBM 167 Extra"]
[Source "ChessBase"]
[SourceDate "2015.09.14"]
[SourceVersion "1"]
[SourceVersionDate "2015.09.14"]
[SourceQuality "1"]

1. e4 c5 2. Nf3 Nc6 3. Bb5 g6 4. Bxc6 bxc6 5. 0-0 Bg7 6. Re1 Nh6 7. c3 0-0 8. d4 cxd4 9. cxd4 f6 10. Nc3 Rb8 11. Bf4 d6 12. Rb1 g5 13. Bc1 Nf7 14. Qc2 Bg4 15. Nd2 d5 16. Nb3 Qd6 17. f3 Bh5 18. Be3 Bg6 19. Qe2 e6 20. Bf2 Rb4 21. Rbc1 Nd8 22. Qd2 dxe4 23. Nxe4 Bxe4 24. Rxe4 f5 25. Re2 f4 26. d5 Qxd5 27. Qxb4 1-0

[Event "Dieren op"]
[Site "Dieren"]
[Date "2015.07.29"]
[Round "8"]
[White "Van Helvoort, Rob AM"]
[Black "Foisor, Sabina Francesca"]
[Result "1/2-1/2"]
[WhiteElo "2130"]
[BlackElo "2202"]
[PlyCount "68"]
[EventDate "2015.07.21"]
[EventType "swiss"]
[EventRounds "9"]
[EventCountry "NED"]
[SourceTitle "CBM 167 Extra"]
[Source "ChessBase"]
[SourceDate "2015.09.14"]
[SourceVersion "1"]
[SourceVersionDate "2015.09.14"]
[SourceQuality "1"]

1. d4 Nf6 2. Nf3 e6 3. e3 d5 4. Nbd2 c5 5. c3 Nc6 6. Bd3 Be7 7. 0-0 0-0 8. Ne5 Nxe5 9. dxe5 Nd7 10. f4 f5 11. exf6 Nxf6 12. e4 c4 13. Be2 Bc5+ 14. Kh1 b5 15. a4 Bd7 16. axb5 Bxb5 17. Qe1 Nxe4 18. Bg4 Nf6 19. Bxe6+ Kh8 20. f5 Bd7 21. Nf3 Bxe6 22. fxe6 Ne4 23. Be3 Qb6 24. Bxc5 Qxc5 25. Qh4 Rf6 26. Nd4 Raf8 27. Rxf6 Rxf6 28. Kg1 h6 29. Ra6 Qf8 30. Qe1 Qb8 31. Rc6 Qe5 32. Nf3 Qb8 33. Nd4 Qe5 34. Nf3 Qb8 1/2-1/2

[Event "Dieren op"]
[Site "Dieren"]
[Date "2015.07.21"]
[Round "1"]
[White "Lecomte, Robin"]
[Black "Van Helvoort, Rob AM"]
[Result "0-1"]
[WhiteElo "2331"]
[BlackElo "2130"]
[PlyCount "70"]
[EventDate "2015.07.21"]
[EventType "swiss"]
[EventRounds "9"]
[EventCountry "NED"]
[SourceTitle "CBM 167 Extra"]
[Source "ChessBase"]
[SourceDate "2015.09.14"]
[SourceVersion "1"]
[SourceVersionDate "2015.09.14"]
[SourceQuality "1"]

1. e4 d6 2. d4 Nf6 3. Nc3 e5 4. Nf3 Nbd7 5. Bc4 Be7 6. 0-0 0-0 7. h3 c6 8. a4 a5 9. Be3 Nxe4 10. Nxe4 d5 11. Nxe5 dxc4 12. Qe2 Nb6 13. Nxc4 Nxc4 14. Qxc4 b5 15. Qxc6 Ra6 16. Qxb5 Rg6 17. Kh1 Ba6 18. Qf5 Bxf1 19. Rxf1 Re6 20. Nc5 Bxc5 21. Qxc5 Rd6 22. c4 f5 23. Bg5 Qd7 24. d5 f4 25. Qd4 f3 26. Bf4 Rg6 27. Bg3 Rh6 28. h4 g5 29. Qe3 Qg4 30. Kg1 Rg6 31. gxf3 Rxf3 32. Qe8+ Rf8 33. Qe5 gxh4 34. Rc1 hxg3 35. fxg3 Qf3 0-1

[Event "Dieren op"]
[Site "Dieren"]
[Date "2003.07.31"]
[Round "9"]
[White "Diepeveen, Vincent"]
[Black "Van Helvoort, Rob AM"]
[Result "0-1"]
[WhiteElo "2310"]
[BlackElo "2186"]
[PlyCount "68"]
[EventDate "2003.07.22"]
[EventType "swiss"]
[EventRounds "9"]
[EventCountry "NED"]
[SourceTitle "CBM 095 Extra"]
[Source "ChessBase"]
[SourceDate "2003.09.04"]
[SourceVersion "1"]
[SourceVersionDate "2003.09.04"]
[SourceQuality "1"]

1. e4 c5 2. Nf3 e6 3. d4 cxd4 4. Nxd4 a6 5. Nc3 b5 6. Bd3 Qb6 7. Nb3 Bb7 8. Be3 Qc7 9. a3 Nf6 10. 0-0 d5 11. Nd2 dxe4 12. Ndxe4 Nbd7 13. Qe2 Be7 14. Rad1 0-0 15. Rd2 Rfe8 16. Nxf6+ Bxf6 17. Ne4 Bxb2 18. Nd6 Rf8 19. Rb1 Bc3 20. Rdd1 Bd5 21. Bf4 Qc6 22. Qg4 f5 23. Qg3 Rf6 24. Bg5 Be5 25. Nxf5 exf5 26. f4 Bd4+ 27. Kh1 Rf7 28. Be2 Bf6 29. Rxd5 Qxd5 30. Bf3 Qa2 31. Rd1 Qxc2 32. Qe1 Re7 33. Bd5+ Kf8 34. Qf1 Rae8 0-1

[Event "Dieren op"]
[Site "Dieren"]
[Date "2003.07.26"]
[Round "5"]
[White "Van Beek, Alexander"]
[Black "Van Helvoort, Rob AM"]
[Result "1-0"]
[WhiteElo "2264"]
[BlackElo "2186"]
[PlyCount "61"]
[EventDate "2003.07.22"]
[EventType "swiss"]
[EventRounds "9"]
[EventCountry "NED"]
[SourceTitle "CBM 095 Extra"]
[Source "ChessBase"]
[SourceDate "2003.09.04"]
[SourceVersion "1"]
[SourceVersionDate "2003.09.04"]
[SourceQuality "1"]

1. d4 e6 2. c4 f5 3. d5 Bb4+ 4. Bd2 Qe7 5. a3 Bxd2+ 6. Qxd2 e5 7. d6 Qe6 8. Nc3 Na6 9. e4 Nf6 10. exf5 Qxf5 11. b4 cxd6 12. Qxd6 Ne4 13. Nxe4 Qxe4+ 14. Be2 Qxg2 15. Qxe5+ Kd8 16. 0-0-0 Re8 17. Qd4 Qxh1 18. Qh4+ g5 19. Qxg5+ Re7 20. Qg8+ Re8 21. Qg5+ Re7 22. Nf3 Qxd1+ 23. Kxd1 d6 24. Nd4 Nc7 25. Bh5 Bd7 26. f4 Ne8 27. Bxe8 h6 28. Qf6 Kxe8 29. Qh8+ Kf7 30. Qxa8 a6 31. Kd2 1-0

[Event "Lost Boys op"]
[Site "Amsterdam"]
[Date "2002.07.27"]
[Round "2"]
[White "Van Helvoort, Rob AM"]
[Black "Van der Elburg, Freddie"]
[Result "0-1"]
[WhiteElo "2182"]
[BlackElo "2275"]
[PlyCount "92"]
[EventDate "2002.07.26"]
[EventType "swiss"]
[EventRounds "9"]
[EventCountry "NED"]
[SourceTitle "CBM 089 Extra"]
[Source "ChessBase"]
[SourceDate "2002.09.10"]
[SourceVersion "2"]
[SourceVersionDate "2002.09.10"]
[SourceQuality "1"]

1. e4 c5 2. Nf3 e6 3. c3 Nf6 4. e5 Nd5 5. d4 cxd4 6. cxd4 b6 7. Bc4 Ba6 8. Bxa6 Nxa6 9. Qe2 Nab4 10. 0-0 Rc8 11. Nbd2 f5 12. a3 Nf4 13. Qd1 Nbd3 14. Nb3 g5 15. Ne1 Nxc1 16. Rxc1 Bh6 17. Nd3 g4 18. Nxf4 Bxf4 19. Rxc8 Qxc8 20. Qd3 Qc6 21. g3 Bg5 22. d5 Qxd5 23. Qxd5 exd5 24. Rd1 Ke7 25. Rxd5 Rc8 26. Nd4 Bc1 27. Rd6 Rf8 28. f4 gxf3 29. Kf2 Bxb2 30. Kxf3 Bxa3 31. Rh6 Rf7 32. Rh5 Bb2 33. Nxf5+ Ke6 34. Ke4 Bxe5 35. Ne3 d6 36. Rh6+ Kd7 37. Kd5 b5 38. g4 Bf4 39. Re6 Re7 40. Rxe7+ Kxe7 41. Nf5+ Kf6 42. h3 Kg5 43. Ke4 Be5 44. Kf3 b4 45. h4+ Kf6 46. Ke4 b3 0-1